000 01164nam a2200289 i 4500
001 000015838
003 DO-SdBNP
005 20250722135531.0
007 ta
008 250722s2018 dr 000 0 spa d
020 _a9789945910032
040 _aDO-SdBNP
_bspa
_cBNPHU
_erda
041 _asp
082 4 _axxx
_bS471
_222
111 2 _aSeminario sobre Situación del Suelo en el Municipio de Boca Chica
_n(1 :
_cSanto Domingo :
_d 2018 )
_935648
245 1 0 _aSituación del suelo en el municipio de Boca Chica /
_ccoordinador, Ricardo González Camacho
264 _aSanto Domingo :
_bCiudad Alternativa,
_c2018
300 _a2 v. :
_bilustraciones ;
_c26 cm.
336 _ardacontent
_btexto
_2txt
337 _ardamedia
_bsin mediación
_2n
338 _ardacarrier
_bvolumen
_2nc
500 _aProyecto Concertación para la Acción : por un desarrollo inclusivo, sostenible y con participación popular. Con el financiamiento de Unión Europa.
505 _gv.1.
_tBoca Chica agenda de desarrollo local --
_gv.2.
_tDiagnóstico sobre conflictos socioterritoriales en Boca Chica .
590 _aInventariado, 2025/ DG
910 _aDG
942 _2ddc
_cLBS1
999 _c59610
_d59610